[Event "Rottach Egern Seniors Cup 9th"]
[Site "Rottach Egern"]
[Date "2021.10.27"]
[Round "6"]
[White "Luciani, Carlo"]
[Black "Hecht, Hans Joachim"]
[Result "0-1"]
[WhiteElo "2196"]
[BlackElo "2306"]
[PlyCount "122"]
[EventDate "2021.10.22"]
[EventType "swiss"]
[EventRounds "7"]
[EventCountry "GER"]
[SourceTitle "CBM 204 Extra"]
[Source "ChessBase"]
[SourceDate "2021.11.30"]
[SourceVersion "1"]
[SourceVersionDate "2021.11.30"]
[SourceQuality "1"]

1. e4 e6 2. d4 d5 3. Nd2 Nf6 4. e5 Nfd7 5. Bd3 c5 6. c3 Nc6 7. Ne2 cxd4 8. cxd4 Nb6 9. 0-0 Bd7 10. Nf3 Rc8 11. Nc3 a6 12. Bg5 Be7 13. h4 h6 14. Bxe7 Qxe7 15. Qd2 Na7 16. b3 0-0 17. Rfc1 Rc6 18. Ne2 Rfc8 19. Rxc6 Nxc6 20. Rd1 a5 21. Bb1 a4 22. h5 axb3 23. Qd3 f5 24. exf6 gxf6 25. axb3 Nd8 26. Qe3 Nf7 27. Bg6 Ng5 28. Nh4 Qd6 29. f4 Ne4 30. Bxe4 dxe4 31. Qg3+ Kf8 32. Qg6 Qe7 33. Qxe4 Be8 34. Ng6+ Bxg6 35. Qxg6 Nd5 36. f5 exf5 37. Qxh6+ Qg7 38. Qxg7+ Kxg7 39. Ng3 Ne3 40. Re1 f4 41. Nf1 Rc3 42. Nxe3 fxe3 43. Kf1 Rd3 44. Ke2 Rxd4 45. Kxe3 Rb4 46. Rb1 Kh6 47. Kd3 Kxh5 48. Kc3 Rg4 49. Rf1 Kg5 50. Rf2 f5 51. Kd3 b5 52. Kc3 Rf4 53. Ra2 Kg4 54. Ra8 Kg3 55. Rg8+ Rg4 56. Rf8 Rf4 57. Rg8+ Rg4 58. Rf8 f4 59. Rb8 Kxg2 60. Rxb5 f3 61. Rf5 f2 0-1

[Event "Zagreb Hulak Memorial op 3rd"]
[Site "Zagreb"]
[Date "2018.12.03"]
[Round "4"]
[White "Hecht, Hans Joachim"]
[Black "Rogulj, Branko"]
[Result "1-0"]
[WhiteElo "2332"]
[BlackElo "2409"]
[PlyCount "113"]
[EventDate "2018.12.01"]
[EventType "swiss"]
[EventRounds "9"]
[EventCountry "CRO"]
[SourceTitle "CBM 187 Extra"]
[Source "ChessBase"]
[SourceDate "2018.11.04"]
[SourceVersion "1"]
[SourceVersionDate "2018.11.04"]
[SourceQuality "1"]

1. d4 Nf6 2. c4 c5 3. Nf3 cxd4 4. Nxd4 Nc6 5. Nc3 e6 6. a3 Nxd4 7. Qxd4 b6 8. Bf4 Bc5 9. Qd3 0-0 10. Bd6 Bxd6 11. Qxd6 Ba6 12. e4 Rc8 13. e5 Ng4 14. Qd4 f5 15. h3 Nh6 16. 0-0-0 Qc7 17. Kb1 Rfd8 18. f4 Nf7 19. c5 bxc5 20. Qa4 Bb7 21. Qc4 Rb8 22. Rh2 d5 23. exd6 Rxd6 24. Rxd6 Qxd6 25. g4 Be4+ 26. Nxe4 fxe4 27. Re2 Qxf4 28. Rxe4 Qf6 29. Qe2 Rb6 30. Bg2 e5 31. Rc4 Qd6 32. Rc2 Rb8 33. Qc4 Qd1+ 34. Ka2 Kh8 35. Qxc5 Qd7 36. Qd5 Qe7 37. Qc5 Nd6 38. Rd2 Rb6 39. Re2 e4 40. Bxe4 Rb5 41. Bd3 Qf7+ 42. Bc4 Rxc5 43. Bxf7 g6 44. Bb3 a5 45. Re7 Nb5 46. Rd7 Nc7 47. Bf7 a4 48. Rd4 Kg7 49. Rc4 Rxc4 50. Bxc4 Kf6 51. b3 axb3+ 52. Kxb3 Kg5 53. Kb4 Kh4 54. Kc5 g5 55. Kc6 Ne8 56. a4 Kxh3 57. a5 1-0

[Event "Ortisei Server24 op 4th"]
[Site "Ortisei"]
[Date "2018.06.21"]
[Round "6"]
[White "Seyb, Dieter"]
[Black "Hecht, Hans Joachim"]
[Result "1/2-1/2"]
[WhiteElo "2179"]
[BlackElo "2327"]
[PlyCount "50"]
[EventDate "2018.06.16"]
[EventType "tourn"]
[EventRounds "9"]
[EventCountry "ITA"]
[SourceTitle "CBM 185 Extra"]
[Source "ChessBase"]
[SourceDate "2018.07.29"]
[SourceVersion "1"]
[SourceVersionDate "2018.07.29"]
[SourceQuality "1"]

1. e4 d6 2. d4 g6 3. Nc3 Bg7 4. Nf3 Nf6 5. Be2 0-0 6. 0-0 c6 7. h3 Nbd7 8. e5 Nd5 9. exd6 exd6 10. Nxd5 cxd5 11. c3 h6 12. Qb3 Nf6 13. Bf4 Qc7 14. Bd3 Be6 15. Rfe1 g5 16. Bh2 Ne4 17. Rad1 Rfe8 18. Re2 f5 19. Nd2 f4 20. Nf1 Bf7 21. Rde1 a6 22. f3 Nf6 23. g3 Rxe2 24. Rxe2 Nh5 25. g4 Nf6 1/2-1/2

[Event "Ortisei Server24 op 4th"]
[Site "Ortisei"]
[Date "2018.06.18"]
[Round "3"]
[White "Hecht, Hans Joachim"]
[Black "Praggnanandhaa, Rameshbabu"]
[Result "1/2-1/2"]
[WhiteElo "2327"]
[BlackElo "2529"]
[PlyCount "110"]
[EventDate "2018.06.16"]
[EventType "tourn"]
[EventRounds "9"]
[EventCountry "ITA"]
[SourceTitle "CBM 185 Extra"]
[Source "ChessBase"]
[SourceDate "2018.07.29"]
[SourceVersion "1"]
[SourceVersionDate "2018.07.29"]
[SourceQuality "1"]

1. d4 Nf6 2. c4 e6 3. Nc3 Bb4 4. e3 0-0 5. Nge2 d5 6. a3 Be7 7. Nf4 c6 8. Be2 dxc4 9. Bxc4 Nbd7 10. 0-0 e5 11. Nfe2 exd4 12. exd4 Nb6 13. Ba2 Bd6 14. Ng3 Bg4 15. Qd3 Be6 16. Bxe6 fxe6 17. Bg5 Bxg3 18. hxg3 Qd7 19. Bxf6 Rxf6 20. Rad1 Nd5 21. Ne4 Rh6 22. Rfe1 Rf8 23. Ng5 Rf5 24. f4 Rg6 25. Re5 h6 26. Ne4 b6 27. Qf3 Nf6 28. Nf2 Nd5 29. Nd3 Qd6 30. Re4 Nf6 31. Ree1 Qxd4+ 32. Nf2 Qxb2 33. Qxc6 Kh7 34. Qxe6 Rh5 35. Ne4 Qxa3 36. Nxf6+ Rxf6 37. Qe4+ Rg6 38. Re3 Qc5 39. g4 Rh4 40. Rd5 Qc6 41. g3 Rhxg4 42. Kf2 Qf6 43. Qd3 Qb2+ 44. Re2 Qc1 45. Re1 Qc6 46. Re3 b5 47. Rd8 Qb6 48. Kf1 Qc6 49. Ree8 Qh1+ 50. Ke2 Qg2+ 51. Kd1 Qg1+ 52. Kd2 Qf2+ 53. Kd1 Qg1+ 54. Kc2 Qc5+ 55. Kb1 Qb4+ 1/2-1/2

[Event "Oberbayern Bezirksliga 1718"]
[Site "Germany"]
[Date "2018.04.15"]
[Round "9.1"]
[White "Wittmann, Matthias"]
[Black "Hecht, Hans Joachim"]
[Result "1/2-1/2"]
[WhiteElo "2111"]
[BlackElo "2291"]
[PlyCount "36"]
[EventDate "2017.10.22"]
[EventType "team-tourn"]
[EventRounds "9"]
[EventCountry "GER"]
[SourceTitle "EXT 2019"]
[Source "ChessBase"]
[SourceDate "2018.10.10"]
[SourceVersion "1"]
[SourceVersionDate "2018.10.10"]
[SourceQuality "1"]
[WhiteTeam "Pang/Rosenheim II"]
[BlackTeam "Fuerstenfeldbruck"]
[WhiteTeamCountry "GER"]
[BlackTeamCountry "GER"]

1. e4 e6 2. d4 d5 3. Nd2 Nf6 4. Bd3 c5 5. c3 Nc6 6. Ngf3 Be7 7. dxc5 dxe4 8. Nxe4 Nxe4 9. Bxe4 Qxd1+ 10. Kxd1 Bxc5 11. Ke2 Bd7 12. Be3 Bxe3 13. Kxe3 Ke7 14. Rhd1 h6 15. h4 Rhd8 16. g3 Be8 17. Rac1 Rac8 18. Rxd8 Rxd8 1/2-1/2

[Event "Oberbayern Bezirksliga 1718"]
[Site "Germany"]
[Date "2018.02.25"]
[Round "7.1"]
[White "Wurzel, Andre"]
[Black "Hecht, Hans Joachim"]
[Result "1/2-1/2"]
[WhiteElo "2150"]
[BlackElo "2291"]
[PlyCount "51"]
[EventDate "2017.10.22"]
[EventType "team-tourn"]
[EventRounds "9"]
[EventCountry "GER"]
[SourceTitle "EXT 2019"]
[Source "ChessBase"]
[SourceDate "2018.10.10"]
[SourceVersion "1"]
[SourceVersionDate "2018.10.10"]
[SourceQuality "1"]
[WhiteTeam "Neuburg"]
[BlackTeam "Fuerstenfeldbruck"]
[WhiteTeamCountry "GER"]
[BlackTeamCountry "GER"]

1. Nf3 g6 2. c4 Bg7 3. e4 d6 4. d4 Nd7 5. Nc3 e5 6. Be2 Ngf6 7. d5 0-0 8. Bg5 h6 9. Bh4 a6 10. Nd2 Qe8 11. 0-0 Nh7 12. b4 Bf6 13. Bxf6 Nhxf6 14. Nb3 Qe7 15. Rc1 Ne8 16. Qd2 Qg5 17. Qxg5 hxg5 18. c5 f5 19. f3 Ndf6 20. Na5 Rf7 21. Rc2 b6 22. cxb6 cxb6 23. Nc6 Bb7 24. Na4 Nd7 25. Rfc1 f4 26. a3 1/2-1/2

[Event "Oberbayern Bezirksliga 1617"]
[Site "Germany"]
[Date "2016.12.04"]
[Round "3.1"]
[White "Hecht, Hans Joachim"]
[Black "Neuschmied, Siegfried"]
[Result "1-0"]
[WhiteElo "2274"]
[BlackElo "2145"]
[PlyCount "65"]
[EventDate "2016.10.16"]
[EventType "team-tourn"]
[EventRounds "9"]
[EventCountry "GER"]
[SourceTitle "EXT 2019"]
[Source "ChessBase"]
[SourceDate "2018.10.10"]
[SourceVersion "1"]
[SourceVersionDate "2018.10.10"]
[SourceQuality "1"]
[WhiteTeam "Fuerstenfeldbruck"]
[BlackTeam "Pang/Rosenheim"]
[WhiteTeamCountry "GER"]
[BlackTeamCountry "GER"]

1. d4 Nf6 2. c4 g6 3. Nc3 Bg7 4. e4 d6 5. Nf3 0-0 6. Be2 e5 7. 0-0 Nc6 8. d5 Ne7 9. Nd2 Nd7 10. b4 f5 11. f3 c5 12. bxc5 Nxc5 13. Nb3 b6 14. Nxc5 bxc5 15. Rb1 f4 16. Bd2 h5 17. Nb5 Rf7 18. Qa4 a6 19. Na3 Bd7 20. Qa5 Qe8 21. Rb6 Nc8 22. Rxa6 Rxa6 23. Qxa6 g5 24. Rb1 g4 25. Rb8 Bf8 26. Nb5 Qd8 27. Be1 Rg7 28. Nxd6 g3 29. Nf5 gxh2+ 30. Kxh2 Bxf5 31. exf5 Qg5 32. Bf1 Ne7 33. f6 1-0

[Event "Miedzyzdroje OB Seniors 24th"]
[Site "Miedzyzdroje"]
[Date "2016.06.23"]
[Round "7"]
[White "Hecht, Hans Joachim"]
[Black "Schils, Heinz"]
[Result "1/2-1/2"]
[WhiteElo "2329"]
[BlackElo "1764"]
[PlyCount "54"]
[EventDate "2016.06.17"]
[EventType "swiss"]
[EventRounds "9"]
[EventCountry "POL"]
[SourceTitle "EXT 2019"]
[Source "ChessBase"]
[SourceDate "2018.10.10"]
[SourceVersion "1"]
[SourceVersionDate "2018.10.10"]
[SourceQuality "1"]

1. d4 f5 2. g3 Nf6 3. Bg2 g6 4. Nh3 d6 5. d5 Bg7 6. 0-0 c6 7. c4 e5 8. dxe6 Bxe6 9. Qc2 0-0 10. Rd1 Qe7 11. b3 Na6 12. Bb2 Rfd8 13. Ng5 Rd7 14. Nc3 Rad8 15. Rac1 h6 16. Nf3 Bf7 17. e3 d5 18. cxd5 Nxd5 19. Nxd5 Bxd5 20. Bxg7 Kxg7 21. Qc3+ Qf6 22. Ne5 Rd6 23. Nc4 Qxc3 24. Rxc3 R6d7 25. Ne5 Rd6 26. Rcd3 Kf6 27. Nc4 R6d7 1/2-1/2

[Event "Malmo op"]
[Site "Malmo"]
[Date "2015.12.20"]
[Round "6"]
[White "Lindahl, Emil"]
[Black "Hecht, Hans Joachim"]
[Result "1-0"]
[WhiteElo "2200"]
[BlackElo "2329"]
[PlyCount "59"]
[EventDate "2015.12.18"]
[EventType "swiss"]
[EventRounds "7"]
[EventCountry "SWE"]
[SourceTitle "EXT 2017"]
[Source "ChessBase"]
[SourceDate "2016.10.25"]
[SourceVersion "1"]
[SourceVersionDate "2016.10.25"]
[SourceQuality "1"]

1. d4 e6 2. c4 Nf6 3. g3 Bb4+ 4. Nd2 d5 5. Bg2 0-0 6. Ngf3 a5 7. 0-0 b6 8. Ne5 Bb7 9. Qc2 Be7 10. b3 c5 11. Bb2 Nbd7 12. e3 Rc8 13. Rac1 cxd4 14. exd4 Qc7 15. Qb1 Qb8 16. cxd5 Nxe5 17. dxe5 Nxd5 18. Qe4 b5 19. Rfd1 Bc6 20. Qg4 a4 21. Ne4 Rfd8 22. Nf6+ Bxf6 23. exf6 g6 24. Qg5 Qd6 25. Bd4 Bb7 26. b4 Rxc1 27. Rxc1 Qxb4 28. Bc5 Qb2 29. Be7 Re8 30. Bxd5 1-0

[Event "AUT-chT2W 1314"]
[Site "Austria"]
[Date "2014.03.09"]
[Round "11.3"]
[White "Hecht, Hans Joachim"]
[Black "Dobosz, Henryk"]
[Result "0-1"]
[WhiteElo "2349"]
[BlackElo "2368"]
[PlyCount "54"]
[EventDate "2013.10.18"]
[EventType "team-tourn"]
[EventRounds "11"]
[EventCountry "AUT"]
[SourceTitle "EXT 2015"]
[Source "ChessBase"]
[SourceDate "2014.11.20"]
[SourceVersion "1"]
[SourceVersionDate "2014.11.20"]
[SourceQuality "1"]
[WhiteTeam "Schwarzach"]
[BlackTeam "Bregenz"]
[WhiteTeamCountry "AUT"]
[BlackTeamCountry "AUT"]

1. d4 d6 2. Nf3 g6 3. e4 Bg7 4. Bc4 Nf6 5. Qe2 c6 6. Bb3 e5 7. 0-0 Qe7 8. dxe5 dxe5 9. Bg5 Nbd7 10. Nbd2 Nc5 11. Nc4 Bg4 12. h3 Bxf3 13. Qxf3 0-0 14. Ne3 Ne6 15. Bxe6 Qxe6 16. Rfd1 h6 17. Bxf6 Bxf6 18. Qg4 Rfe8 19. Rd7 Rab8 20. Qxe6 Rxe6 21. Rad1 Be7 22. Kf1 Kf8 23. Nc4 b5 24. Na5 Bc5 25. c3 Bb6 26. Nb7 Re7 27. Nd8 Rxd7 0-1

[Event "Stockholm Seniors op"]
[Site "Stockholm"]
[Date "2013.05.12"]
[Round "8"]
[White "Tukmakov, Vladimir B"]
[Black "Hecht, Hans Joachim"]
[Result "1/2-1/2"]
[WhiteElo "2547"]
[BlackElo "2346"]
[PlyCount "61"]
[EventDate "2013.05.09"]
[EventType "swiss"]
[EventRounds "8"]
[EventCountry "SWE"]
[SourceTitle "CBM 154 Extra"]
[Source "ChessBase"]
[SourceDate "2013.06.25"]
[SourceVersion "2"]
[SourceVersionDate "2013.06.25"]
[SourceQuality "1"]

1. c4 e6 2. g3 d5 3. Bg2 Nf6 4. Nf3 Nc6 5. d4 Bb4+ 6. Bd2 Qe7 7. 0-0 Bxd2 8. Nbxd2 0-0 9. Qc2 Rd8 10. Rad1 a5 11. e4 Nb4 12. Qb1 dxe4 13. Ne5 c5 14. dxc5 Nd3 15. Nxd3 exd3 16. Ne4 Nxe4 17. Bxe4 f5 18. Bxd3 Bd7 19. Rfe1 Qxc5 20. Bf1 Bc6 21. Rxe6 Be4 22. Rxd8+ Rxd8 23. Rxe4 fxe4 24. Qxe4 Rd2 25. Qe8+ Qf8 26. Qe3 Rxb2 27. c5 Kh8 28. a4 Rc2 29. Bd3 Rxc5 30. Qe4 Qg8 31. Qxb7 1/2-1/2

[Event "Stockholm Seniors op"]
[Site "Stockholm"]
[Date "2013.05.10"]
[Round "6"]
[White "Marusenko, Petr"]
[Black "Hecht, Hans Joachim"]
[Result "1/2-1/2"]
[WhiteElo "2213"]
[BlackElo "2346"]
[PlyCount "80"]
[EventDate "2013.05.09"]
[EventType "swiss"]
[EventRounds "8"]
[EventCountry "SWE"]
[SourceTitle "CBM 154 Extra"]
[Source "ChessBase"]
[SourceDate "2013.06.25"]
[SourceVersion "2"]
[SourceVersionDate "2013.06.25"]
[SourceQuality "1"]

1. d4 Nf6 2. c4 e6 3. Nc3 Bb4 4. e3 0-0 5. Bd3 d5 6. Nf3 c5 7. 0-0 Nc6 8. a3 Bxc3 9. bxc3 dxc4 10. Bxc4 Qc7 11. Bb2 e5 12. h3 e4 13. Nd2 Re8 14. Bb5 Bf5 15. Nb3 cxd4 16. Nxd4 Nxd4 17. cxd4 Red8 18. Qe2 Rac8 19. Rfc1 Qd6 20. Rxc8 Rxc8 21. Rc1 Rxc1+ 22. Bxc1 a6 23. Bc4 b5 24. Bb3 Be6 25. Qc2 Bxb3 26. Qxb3 Qc6 27. Bd2 Nd5 28. Qb1 f5 29. f3 Nb6 30. fxe4 Qxe4 31. Qb3+ Qd5 32. Qxd5+ Nxd5 33. g4 g6 34. gxf5 gxf5 35. Kf2 Kf7 36. Kf3 Ke6 37. Ba5 Ne7 38. e4 fxe4+ 39. Kxe4 Nd5 40. h4 Nf6+ 1/2-1/2

[Event "AUT-chT2W 1213"]
[Site "Austria"]
[Date "2012.12.01"]
[Round "5.2"]
[White "Bertagnolli, Alexander"]
[Black "Hecht, Hans Joachim"]
[Result "1/2-1/2"]
[WhiteElo "2352"]
[BlackElo "2357"]
[PlyCount "60"]
[EventDate "2012.10.05"]
[EventType "team-tourn"]
[EventRounds "11"]
[EventCountry "AUT"]
[SourceTitle "EXT 2014"]
[Source "ChessBase"]
[SourceDate "2013.11.20"]
[SourceVersion "1"]
[SourceVersionDate "2013.11.20"]
[SourceQuality "1"]
[WhiteTeam "Kufstein/Woergl"]
[BlackTeam "Schwarzach"]
[WhiteTeamCountry "AUT"]
[BlackTeamCountry "AUT"]

1. e4 e6 2. b3 c5 3. Bb2 Nc6 4. Nf3 d6 5. d4 cxd4 6. Nxd4 Nf6 7. Nxc6 bxc6 8. e5 Ne4 9. Bd3 Qa5+ 10. Nd2 Nxd2 11. Qxd2 Qxd2+ 12. Kxd2 d5 13. c4 Bb4+ 14. Ke2 Ba6 15. Rac1 0-0-0 16. a3 dxc4 17. bxc4 Bc5 18. Be4 Bd4 19. Bc3 Bxc4+ 20. Kf3 Bb6 21. Ba5 Bd5 22. Bxb6 axb6 23. Bxd5 Rxd5 24. Rxc6+ Kb7 25. Rhc1 Rd7 26. R1c3 Ra8 27. Ke3 Ra5 28. f4 h5 29. g3 g6 30. h3 Rad5 1/2-1/2

[Event "Reunion op 14th"]
[Site "St Denis"]
[Date "2012.10.11"]
[Round "6"]
[White "Hecht, Hans Joachim"]
[Black "Akshat, Khamparia"]
[Result "0-1"]
[WhiteElo "2347"]
[BlackElo "2382"]
[PlyCount "67"]
[EventDate "2012.10.06"]
[EventType "swiss"]
[EventRounds "9"]
[EventCountry "RUF"]
[SourceTitle "EXT 2013"]
[Source "ChessBase"]
[SourceDate "2012.11.22"]
[SourceVersion "1"]
[SourceVersionDate "2012.11.22"]
[SourceQuality "1"]

1. d4 Nf6 2. c4 g6 3. Nc3 Bg7 4. e4 d6 5. Nf3 0-0 6. Be2 Bg4 7. Be3 Nfd7 8. Rc1 c5 9. d5 Na6 10. h4 Nc7 11. Qd2 e6 12. Bg5 f6 13. Bf4 e5 14. Be3 f5 15. Ng5 Bxe2 16. Qxe2 Qe7 17. Rd1 Nf6 18. Qd3 h6 19. exf5 gxf5 20. Qxf5 hxg5 21. hxg5 Nh5 22. Qg6 Nf4 23. Qh7+ Kf7 24. Bxf4 exf4+ 25. Ne4 Ke8 26. Qg6+ Kd7 27. Rh7 Rf7 28. Kf1 Raf8 29. Nxc5+ dxc5 30. d6 Qe5 31. dxc7+ Kxc7 32. Re1 Qd4 33. Kg1 Rd7 34. Qe6 0-1

[Event "Reunion op 14th"]
[Site "St Denis"]
[Date "2012.10.08"]
[Round "4"]
[White "Hecht, Hans Joachim"]
[Black "Roblet, Charles"]
[Result "1/2-1/2"]
[WhiteElo "2347"]
[BlackElo "2058"]
[PlyCount "48"]
[EventDate "2012.10.06"]
[EventType "swiss"]
[EventRounds "9"]
[EventCountry "RUF"]
[SourceTitle "EXT 2013"]
[Source "ChessBase"]
[SourceDate "2012.11.22"]
[SourceVersion "1"]
[SourceVersionDate "2012.11.22"]
[SourceQuality "1"]

1. d4 Nf6 2. c4 c5 3. d5 b5 4. cxb5 a6 5. bxa6 g6 6. Nc3 Bxa6 7. Nf3 d6 8. e4 Bxf1 9. Kxf1 Bg7 10. g3 0-0 11. Kg2 Nbd7 12. Re1 Ng4 13. Re2 Qb6 14. Bf4 Rfb8 15. Rc1 Rb7 16. b3 Nge5 17. Nxe5 Nxe5 18. Qd2 Qa6 19. Bxe5 Bxe5 20. f4 Bg7 21. e5 Rb4 22. Rc2 Rd4 23. Qe3 Rd3 24. Qe4 Rd4 1/2-1/2